|
|
|
|
| LEADER |
00000nam0a2200000 4500 |
| 001 |
29831 |
| 005 |
20231030203650.0 |
| 035 |
|
|
|a (RuTPU)RU\TPU\book\30097
|
| 035 |
|
|
|a BOOK00030173
|
| 090 |
|
|
|a 29831
|
| 100 |
|
|
|a 20011209d2001 k y0rusy50 ca
|
| 101 |
0 |
|
|a rus
|
| 102 |
|
|
|a RU
|
| 105 |
|
|
|a y dm 001zy
|
| 200 |
1 |
|
|a Динамика, прочность и надежность тяжелых многофункциональных машин на примере прокатного оборудования и разработка методологии их проектирования
|e автореферат диссертации на соискание ученой степени доктора технических наук
|f А. Н. Савельев
|g Сибирский государственный индустриальный университет
|
| 210 |
|
|
|a Новокузнецк
|c [Б. и.]
|d 2001
|
| 215 |
|
|
|a 49 с.
|
| 320 |
|
|
|a Библиогр.: с. 47-49.
|
| 610 |
1 |
|
|a технологическое оборудование
|
| 610 |
1 |
|
|a тяжелые машины
|
| 610 |
1 |
|
|a прокатные станы
|
| 610 |
1 |
|
|a динамическая нагруженность
|
| 610 |
1 |
|
|a надежность
|
| 610 |
1 |
|
|a элементы
|
| 610 |
1 |
|
|a конструкционные материалы
|
| 610 |
1 |
|
|a выносливость
|
| 610 |
1 |
|
|a технологические комплексы
|
| 610 |
1 |
|
|a САПР
|
| 610 |
1 |
|
|a автоматизация
|
| 610 |
1 |
|
|a авторефераты диссертаций
|
| 675 |
|
|
|a 621.771.06(04)
|v 3
|
| 700 |
|
1 |
|a Савельев
|b А. Н.
|g Александр Николаевич
|
| 712 |
0 |
2 |
|a Сибирский государственный индустриальный университет
|2 stltpush
|3 (RuTPU)RU\TPU\col\74
|
| 801 |
|
0 |
|a RU
|b 63413507
|c 20011209
|g PSBO
|
| 801 |
|
2 |
|a RU
|b 63413507
|c 20060824
|g PSBO
|
| 942 |
|
|
|c BK
|